'A' List Celebrities Quiz Stats

Quiz Updated Nov 30, 2014

Challenge
Share
Tweet
Score 0/24 Timer 06:00
4 Plays Today
% Correct
Jennifer Aniston
97.3%
Tim Allen
85.7%
Lance Armstrong
85.6%
Jessica Alba
70%
Kirstie Alley
64.3%
Christina Applegate
60.9%
Rowan Atkinson
55.4%
David Arquette
52.2%
Fred Astaire
51.6%
Maya Angelou
51.3%
Tom Arnold
50%
Dan Aykroyd
49.4%
% Correct
Will Arnett
47.4%
'Stone Cold' Steve Austin
47%
Loni Anderson
43.2%
Troy Aikman
42.5%
Sean Astin
41.8%
Aziz Ansari
41.6%
Desi Arnaz
39%
Arthur Ashe
38.5%
Hank Azaria
35.2%
Marv Albert
31.2%
Fred Armisen
27.5%
Alan Arkin
27.1%

You're not logged in!

Compare scores with friends on all Sporcle quizzes.
Sign Up with Email
OR
Log In

You Might Also Like...

Show Comments

Extras

Top Quizzes Today


Score Distribution

Your Account Isn't Verified!

In order to create a playlist on Sporcle, you need to verify the email address you used during registration. Go to your Sporcle Settings to finish the process.